000 00660cab a2200229 4500
001 WB3230-05
008 090401t1996 xxu||||| |||| 00| 0 eng d
035 _a(Sirsi) u64422
041 _aeng
245 _aD&B high in defects
260 _c1996
350 _a0
490 _aBuilding
_v261(7952) 2 August 1996, 13(1)
520 _aAccording to the BRE, buildings constructed under design-and-build contracts are more likely to suffer defects after completion.
650 _aBRE
650 _aBUILDING DEFECTS
650 _aDESIGN AND BUILD
650 _aPROCUREMENTS METHODS
690 _aBUILT ENVIRONMENT
942 _n0
948 _c04/03/1997
999 _c40124
_d40124